Normal view
MARC view
- جمع وترتيب: فريد، أحمد ، تحقيق: ماجد بن أبي الليل
Entry Personal Name
001 - CONTROL NUMBER
- control field: 10216
003 - CONTROL NUMBER IDENTIFIER
- control field: JO-AjAnu
005 - DATE AND TIME OF LATEST TRANSACTION
- control field: 20230606071936.0
008 - FIXED-LENGTH DATA ELEMENTS
- fixed length control field: 230606|| aca||aabn | a|a d
040 ## - CATALOGING SOURCE
- Original cataloging agency: JO-AjAnu
- Transcribing agency: JO-AjAnu
100 ## - HEADING--PERSONAL NAME
- Personal name: جمع وترتيب: فريد، أحمد ، تحقيق: ماجد بن أبي الليل
670 ## - SOURCE DATA FOUND
- Source citation: Work cat.: (JO-AjAnu)5262: جمع وترتيب: فريد، أحمد ، تحقيق: ماجد بن أبي الليل, author, تزكية النفوس وتربيتها كما يقرره علماء السلف: ابن رجب الحنبلي، ابن القيم،أبي حامد الغزالي